| 000 | 00528nam a2200217Ia 4500 | ||
|---|---|---|---|
| 003 | OSt | ||
| 005 | 20140426083813.0 | ||
| 008 | 140130s9999 xx 000 0 und d | ||
| 020 | _a0439332451 | ||
| 050 |
_aPZ 7 _b.L5884Cl 2002 |
||
| 100 | _aBridwell, Norman | ||
| 245 |
_aClifford's loose tooth / _cNorman Bridwell. |
||
| 260 |
_bScholastic, _c2002. _aNew York : |
||
| 300 |
_a28 p. : _bcol. ill. ; _c23 cm. |
||
| 440 | _v1 | ||
| 521 | _aG1 | ||
| 526 | _c150 | ||
| 942 |
_cBK _2lcc |
||
| 999 |
_c39873 _d39873 |
||